[Event "57th Biel Master Open"]
[Site "Biel SUI"]
[Date "2024.07.16"]
[Round "2.4"]
[White "Ganguly, Surya Shekhar"]
[Black "Chinguun, Sumiya"]
[Result "1-0"]
[WhiteTitle "GM"]
[BlackTitle "FM"]
[WhiteElo "2592"]
[BlackElo "2377"]
[WhiteFideId "5002150"]
[BlackFideId "4902572"]
[EventDate "2024.07.15"]

1. c4 c5 2. Nf3 Nf6 3. Nc3 Nc6 4. d4 cxd4 5. Nxd4 e6 6. g3 Qb6 7. Ndb5 Ne5 8.
Bg2 a6 9. Qa4 Rb8 10. Na3 h5 11. Qb3 Qxb3 12. axb3 Nc6 13. Be3 b6 14. Bf4 e5 15.
Bxc6 exf4 16. Bf3 fxg3 17. hxg3 g6 18. Nc2 b5 19. cxb5 axb5 20. Nd4 b4 21. Ncb5
Bc5 22. e3 O-O 23. O-O d6 24. Rfd1 Bd7 25. Nc7 Rfc8 26. Nd5 Nxd5 27. Bxd5 Kf8
28. Rd2 Ke7 29. Nf3 Be6 30. Ng5 Bxd5 31. Rxd5 Ra8 32. Rad1 Ra2 33. R1d2 Ra1+ 34.
Kg2 Rc1 35. Nh3 Rc7 36. Nf4 Rc8 37. Nd3 Rb1 38. Rc2 Ke6 39. e4 f6 40. Nxb4 Rb8
41. Na6 Rb6 42. Nxc5+ dxc5 43. Rdxc5 g5 44. e5 h4 45. exf6 Kxf6 46. g4 Kg6 47.
Rd2 Rf6 48. b4 Rf4 49. Rc6+ Rf6 50. b5 Re1 51. Rdd6 Rxd6 52. Rxd6+ Kf7 53. Rd5
Kg6 54. b6 Re7 55. Rc5 Re4 56. Rb5 Re8 57. b7 Rb8 58. Rb6+ Kg7 59. Kh3 Kf7 60.
f4 1-0

[Event "57th Biel Master Open"]
[Site "Biel SUI"]
[Date "2024.07.16"]
[Round "2.5"]
[White "Dotzer, Lukas"]
[Black "Sethuraman, S.P."]
[Result "1-0"]
[WhiteTitle "FM"]
[BlackTitle "GM"]
[WhiteElo "2375"]
[BlackElo "2589"]
[WhiteFideId "1666975"]
[BlackFideId "5021596"]
[EventDate "2024.07.15"]

1. e4 c5 2. Nf3 d6 3. d4 cxd4 4. Nxd4 Nf6 5. Nc3 a6 6. h3 e5 7. Nf3 Qc7 8. a4
Be7 9. Be2 Nbd7 10. Nh2 Nc5 11. Bf3 Qc6 12. Qe2 Be6 13. Ng4 Ncd7 14. Ne3 Bd8 15.
Ncd5 Bxd5 16. exd5 Qc5 17. O-O e4 18. Bg4 Ne5 19. b4 Qxb4 20. Ba3 Qa5 21. Bxd6
Bc7 22. Ba3 h5 23. Bf5 g6 24. d6 gxf5 25. dxc7 Qxc7 26. Nxf5 Nc4 27. Qxc4 1-0

[Event "57th Biel Master Open"]
[Site "Biel SUI"]
[Date "2024.07.16"]
[Round "2.6"]
[White "Sasikiran, Krishnan"]
[Black "Rosen, Eric"]
[Result "1-0"]
[WhiteTitle "GM"]
[BlackTitle "IM"]
[WhiteElo "2581"]
[BlackElo "2374"]
[WhiteFideId "5004985"]
[BlackFideId "2032562"]
[EventDate "2024.07.15"]

1. e4 c5 2. Nf3 Nc6 3. d4 cxd4 4. Nxd4 g6 5. Nc3 Bg7 6. Be3 Nf6 7. Bc4 O-O 8.
Bb3 d6 9. f3 Qa5 10. O-O Nxd4 11. Bxd4 Be6 12. Rf2 b5 13. Nd5 Bxd5 14. exd5 Nd7
15. Bxg7 Kxg7 16. Qd4+ Kg8 17. Re2 Rfe8 18. Rae1 Nc5 19. h4 Rac8 20. c3 Nxb3 21.
axb3 Qc7 22. b4 Qb7 23. h5 Rc4 24. Qd2 Qb6+ 25. Re3 Rc7 26. Kh2 a5 27. bxa5 Qxa5
28. Re4 Qa7 29. hxg6 fxg6 30. Qg5 e5 31. dxe6 Rc5 32. Qe3 Rh5+ 33. Kg3 Qa2 34.
Qd2 Rd5 35. Qe2 Rg5+ 36. Kf2 Rf5 37. g4 Rc5 38. e7 Rc7 39. Qxb5 Qa7+ 40. Kg2
Rexe7 41. Qd5+ Kg7 42. Qd4+ Qxd4 43. Rxe7+ Rxe7 44. Rxe7+ Kf6 45. cxd4 Kxe7 46.
f4 Ke6 47. b4 Kd5 1-0

[Event "57th Biel Master Open"]
[Site "Biel SUI"]
[Date "2024.07.16"]
[Round "2.8"]
[White "Harsha, Bharathakoti"]
[Black "Narayanan, Samrug"]
[Result "1-0"]
[WhiteTitle "GM"]
[BlackTitle "FM"]
[WhiteElo "2569"]
[BlackElo "2361"]
[WhiteFideId "5078776"]
[BlackFideId "30914051"]
[EventDate "2024.07.15"]

1. e4 e5 2. Bc4 Nf6 3. d3 Nc6 4. Nc3 Bc5 5. f4 d6 6. Nf3 a6 7. f5 b5 8. Bb3 Na5
9. Qe2 Bb7 10. Bg5 Nxb3 11. axb3 c6 12. Be3 Qb6 13. Bxc5 Qxc5 14. O-O-O O-O-O
15. g4 Rhe8 16. Rhg1 Qb6 17. Kb1 d5 18. g5 Nd7 19. g6 hxg6 20. fxg6 f6 21. Nh4
Nf8 22. Nf5 Ne6 23. h4 Kb8 24. h5 Rh8 25. h6 gxh6 26. g7 Rhg8 27. Qh5 Rd7 28.
Qxh6 Qd8 29. b4 Bc8 30. Rg6 Rf7 31. d4 Nf4 32. dxe5 Bxf5 33. Rxf6 Be6 34. Rxf7
Bxf7 35. Qxf4 Qc7 36. exd5 cxd5 37. Qf6 d4 38. e6 Bh5 39. Rxd4 Rxg7 40. Nd5 Rg1+
41. Ka2 Qxc2 42. Qd8+ Qc8 43. Qd6+ Kb7 44. Qb6+ 1-0

[Event "57th Biel Master Open"]
[Site "Biel SUI"]
[Date "2024.07.16"]
[Round "2.9"]
[White "Padmini, Rout"]
[Black "Jumabayev, Rinat"]
[Result "0-1"]
[WhiteTitle "IM"]
[BlackTitle "GM"]
[WhiteElo "2348"]
[BlackElo "2565"]
[WhiteFideId "5029295"]
[BlackFideId "13702661"]
[EventDate "2024.07.15"]

1. e4 e5 2. Nf3 Nc6 3. d4 exd4 4. Bc4 Bc5 5. O-O d6 6. c3 d3 7. b4 Bb6 8. a4 a6
9. h3 Nge7 10. Qxd3 Ng6 11. Bb3 O-O 12. Na3 Be6 13. Nc4 Ba7 14. Ng5 Bd7 15. Qg3
Qf6 16. b5 Nce5 17. b6 Nxc4 18. bxa7 Na5 19. Bd5 h6 20. Nf3 Be6 21. Bxe6 Qxe6
22. Re1 c5 23. h4 Ne5 24. Nxe5 dxe5 25. Be3 b6 26. Rad1 Nc4 27. Bc1 Rxa7 28. Rd5
Rc8 29. Qd3 b5 30. axb5 axb5 31. Be3 Qe7 32. Rb1 Rb7 33. h5 Nxe3 34. Qxe3 b4 35.
cxb4 cxb4 36. Qg3 Rc5 37. Rd3 Qg5 38. Qf3 Rc1+ 39. Rxc1 Qxc1+ 40. Rd1 Qf4 41.
Qd3 Kh7 42. Rb1 Rb6 43. Qc4 Qd2 44. Qxf7 Rf6 45. Qa7 b3 46. Qe3 Qxe3 47. fxe3
Rb6 48. Kf2 Kg8 49. Ke2 Kf7 50. Kd2 Kf6 51. Kc3 Kg5 52. Kc4 Kxh5 53. Kd5 b2 54.
Kxe5 Kg5 55. Kd4 Kf6 56. Kd5 h5 57. Rf1+ Ke7 58. Rb1 g5 59. e5 h4 60. Kc5 Rb8
61. Kd5 g4 62. Ke4 Ke6 63. Kf4 Rb4+ 64. e4 h3 0-1

[Event "57th Biel Master Open"]
[Site "Biel SUI"]
[Date "2024.07.16"]
[Round "2.10"]
[White "Gavrilescu, David"]
[Black "Sukandar, Irine Kharisma"]
[Result "0-1"]
[WhiteTitle "GM"]
[BlackTitle "IM"]
[WhiteElo "2540"]
[BlackElo "2338"]
[WhiteFideId "1227190"]
[BlackFideId "7101937"]
[EventDate "2024.07.15"]

1. e4 e5 2. Nf3 Nc6 3. Bc4 Nf6 4. d3 Be7 5. O-O O-O 6. Re1 d6 7. a4 Na5 8. Ba2
c5 9. c3 Nc6 10. Na3 Be6 11. Bg5 Bxa2 12. Rxa2 Nh5 13. Bd2 Qd7 14. Nc4 f5 15.
Ra1 Rae8 16. b4 cxb4 17. cxb4 Qe6 18. Rc1 fxe4 19. dxe4 Qg6 20. b5 Nd8 21. Be3
Ne6 22. Nfxe5 dxe5 23. Nxe5 Qf6 24. Nd7 Qg6 25. Ne5 Qf6 26. Nd7 Qg6 27. Nxf8
Rxf8 28. Qd7 Bb4 29. Qxb7 Bxe1 30. Rxe1 Nhf4 31. e5 Nh3+ 32. Kh1 Nxf2+ 33. Bxf2
Rxf2 34. Qa8+ Rf8 35. Qxa7 Nf4 36. Qg1 Qc2 37. Ra1 Nd3 38. Qd4 Qe2 39. h3 Nf4
40. Rg1 Qa2 41. Kh2 Ne2 42. Ra1 Qb3 43. Qe4 Qg3+ 44. Kh1 Qf2 45. Kh2 Kh8 46. Qb4
h5 47. Qe1 Qf4+ 48. g3 Qe3 49. Kg2 Rf3 0-1

[Event "57th Biel Master Open"]
[Site "Biel SUI"]
[Date "2024.07.16"]
[Round "2.11"]
[White "Ayush, Sharma"]
[Black "Kobo, Ori"]
[Result "0-1"]
[WhiteTitle "IM"]
[BlackTitle "GM"]
[WhiteElo "2342"]
[BlackElo "2529"]
[WhiteFideId "45010943"]
[BlackFideId "2812320"]
[EventDate "2024.07.15"]

1. e4 e5 2. Nf3 Nc6 3. Bb5 a6 4. Ba4 Nf6 5. O-O Be7 6. Re1 b5 7. Bb3 d6 8. c3
O-O 9. h3 Nb8 10. d4 Nbd7 11. c4 c6 12. a3 exd4 13. Nxd4 Ne5 14. cxb5 axb5 15.
Be3 Bd7 16. Nc3 Re8 17. Qe2 Bf8 18. f4 Nc4 19. Bxc4 bxc4 20. Qxc4 Nxe4 21. Nxc6
Qc8 22. Nxe4 Bxc6 23. Ng5 Qb7 24. Qc2 g6 25. Rac1 Bd5 26. Qf2 h6 27. Nf3 Bxf3
28. gxf3 Bg7 29. Re2 Qd7 30. Kg2 Ra5 31. Rd2 Rh5 32. Rh1 Bf6 33. Bc5 Bh4 34. Qd4
Rxc5 35. Qxc5 Re2+ 0-1

[Event "57th Biel Master Open"]
[Site "Biel SUI"]
[Date "2024.07.16"]
[Round "2.13"]
[White "Ritviz, Parab"]
[Black "Xiao, Tong(QD)"]
[Result "1/2-1/2"]
[WhiteTitle "IM"]
[WhiteElo "2334"]
[BlackElo "2518"]
[WhiteFideId "5073367"]
[BlackFideId "8622388"]
[EventDate "2024.07.15"]

1. e4 c5 2. Nf3 d6 3. Bb5+ Bd7 4. c4 Nc6 5. Nc3 e5 6. d3 Nf6 7. O-O Be7 8. Ne1
O-O 9. Nc2 Ne8 10. f4 exf4 11. Bxf4 Bf6 12. Ne3 Bd4 13. Qd2 Qa5 14. Kh1 a6 15.
Bxc6 bxc6 16. Rac1 Qd8 17. Ne2 Bf6 18. Nf5 Bxf5 19. exf5 a5 20. Ng3 Bd4 21. Ne4
d5 22. cxd5 Qxd5 23. Be3 Rd8 24. Bxd4 Qxd4 25. Nxc5 Nf6 26. b3 Rd5 27. Rc4 Qe5
28. Qxa5 Rxd3 29. Qe1 Re3 30. Qh4 Re8 31. Rcc1 Re2 32. a4 Nd5 33. Qg3 Qd4 34.
Qd3 Qb2 35. Rb1 Qe5 36. Qg3 Qd4 37. Qd6 Rxg2 38. Rbe1 Ra8 39. Qxc6 Rxh2+ 40.
Kxh2 Qh4+ 41. Kg2 Qg4+ 42. Kf2 Qxf5+ 43. Kg3 Qg5+ 44. Kf3 Qf5+ 45. Kg3 Qg5+ 46.
Kf3 1/2-1/2

[Event "57th Biel Master Open"]
[Site "Biel SUI"]
[Date "2024.07.16"]
[Round "2.14"]
[White "Sokolovsky, Yahli"]
[Black "Emmenecker, Pierre-Antoine"]
[Result "1-0"]
[WhiteTitle "GM"]
[WhiteElo "2516"]
[BlackElo "2318"]
[WhiteFideId "2820242"]
[BlackFideId "36031321"]
[EventDate "2024.07.15"]

1. e4 e5 2. Nf3 Nf6 3. Nxe5 d6 4. Nf3 Nxe4 5. Nc3 Nxc3 6. dxc3 Nc6 7. Be3 Be7 8.
Qd2 Bf5 9. O-O-O Qd7 10. Be2 Bf6 11. Rhe1 O-O 12. h3 Rae8 13. g4 Be4 14. Kb1 Ne5
15. Nxe5 Bxe5 16. f3 Bc6 17. f4 Bf6 18. g5 Be7 19. Bg4 Qd8 20. f5 Be4 21. c4 c6
22. Bf4 d5 23. f6 gxf6 24. Rxe4 dxe4 25. Qc3 Qb6 26. gxf6 Bc5 27. Bh6 Qc7 28.
Qd2 Qe5 29. Rf1 e3 30. Qe2 Qg3 31. Bf5 Re5 32. Bf4 1-0

[Event "57th Biel Master Open"]
[Site "Biel SUI"]
[Date "2024.07.16"]
[Round "2.15"]
[White "Gloeckler, Christian"]
[Black "Madaminov, Mukhiddin"]
[Result "0-1"]
[WhiteTitle "FM"]
[BlackTitle "IM"]
[WhiteElo "2304"]
[BlackElo "2512"]
[WhiteFideId "34608966"]
[BlackFideId "14210703"]
[EventDate "2024.07.15"]

1. e4 e5 2. Nf3 Nc6 3. Bb5 a6 4. Ba4 Nf6 5. O-O Bc5 6. c3 b5 7. Bb3 d6 8. d4 Bb6
9. Be3 O-O 10. Nbd2 h6 11. h3 Re8 12. Re1 exd4 13. cxd4 Nb4 14. Qb1 c5 15. a3
Nc6 16. d5 Ne7 17. Bc2 Ng6 18. b4 c4 19. Bxb6 Qxb6 20. Qb2 Ne5 21. Nxe5 dxe5 22.
a4 Bb7 23. Nf3 Nd7 24. Qc3 Qd6 25. Nh4 Qf6 26. g3 g6 27. a5 Qd6 28. Ng2 Rad8 29.
Rad1 Nf6 30. Ne3 Bc8 31. Kg2 Nh5 32. Ng4 Bxg4 33. hxg4 Nf6 34. f3 h5 35. g5 Nh7
36. f4 exf4 37. e5 f3+ 38. Kxf3 Qe7 39. Kg2 Qxg5 40. Qd4 Nf8 41. Qf4 Qe7 42. Qd2
Ne6 43. Qf2 Nf8 44. Qd2 Qb7 45. Kh2 Qd7 46. Qd4 Qe7 47. Qd2 Ne6 48. Qf2 Nf8 49.
Qd2 Nh7 50. Kg2 Qg5 51. Qd4 Qg4 52. Re4 Qd7 53. Qb6 Qf5 54. Rf1 Qg5 55. Rf2 h4
56. Rxh4 Qxe5 57. Rxh7 Qxd5+ 58. Kf1 Kxh7 0-1

[Event "57th Biel Master Open"]
[Site "Biel SUI"]
[Date "2024.07.16"]
[Round "2.16"]
[White "Valsecchi, Alessio"]
[Black "Shoshin, Kirill"]
[Result "1/2-1/2"]
[WhiteTitle "GM"]
[BlackTitle "FM"]
[WhiteElo "2488"]
[BlackElo "2277"]
[WhiteFideId "818860"]
[BlackFideId "34167061"]
[EventDate "2024.07.15"]

1. e4 c5 2. Nf3 Nc6 3. Bb5 g6 4. c3 Nf6 5. Qe2 e5 6. O-O Bg7 7. d4 cxd4 8. cxd4
Nxd4 9. Nxd4 exd4 10. e5 Nd5 11. e6 O-O 12. exf7+ Kh8 13. Na3 a6 14. Bc4 Nb6 15.
Bf4 d5 16. Bd3 Qf6 17. Qd2 Rxf7 18. Bg5 Qd6 19. Rae1 Bd7 20. Bh4 Qf4 21. Qxf4
Rxf4 22. Bg3 Rf7 23. b3 Rc8 24. Re2 Bf5 25. Bxf5 Rxf5 26. Rd1 Nd7 27. f3 Ne5 28.
Rc2 Nc6 29. Bf2 Re8 30. Kf1 d3 31. Rcd2 Nb4 32. Nb1 Bh6 33. Rb2 Bg7 34. Rbd2 Bh6
35. Rb2 Bg7 1/2-1/2

[Event "57th Biel Master Open"]
[Site "Biel SUI"]
[Date "2024.07.16"]
[Round "2.18"]
[White "Saravanan, V."]
[Black "Bilguun, Sumiya"]
[Result "0-1"]
[WhiteTitle "IM"]
[BlackTitle "GM"]
[WhiteElo "2266"]
[BlackElo "2458"]
[WhiteFideId "5000580"]
[BlackFideId "4901541"]
[EventDate "2024.07.15"]

1. d4 d5 2. c4 e6 3. Nc3 a6 4. cxd5 exd5 5. Bf4 Nf6 6. e3 Nc6 7. Bd3 Bd6 8. Nge2
Bxf4 9. Nxf4 O-O 10. O-O Ne7 11. Rc1 c6 12. Na4 Bf5 13. Nc5 Rb8 14. b4 Ne8 15.
a4 Bxd3 16. Qxd3 Nc7 17. a5 Nb5 18. Nh5 Re8 19. f4 Kh8 20. g4 Ng8 21. g5 Nd6 22.
Ng3 g6 23. Rce1 Ne7 24. Qd2 Nef5 25. Nxf5 Nxf5 26. Nd3 h6 27. Ne5 Kg7 28. gxh6+
Nxh6 29. Kh1 Nf5 30. Rg1 Qh4 31. Rg5 Qh3 32. Qg2 Qxg2+ 33. Rxg2 Rh8 34. Nd7 Rbe8
35. Nc5 Re7 36. Rd2 Rh3 37. Rd3 Rf3 38. Kg1 Rxf4 0-1

[Event "57th Biel Master Open"]
[Site "Biel SUI"]
[Date "2024.07.16"]
[Round "2.20"]
[White "Materia, Marco"]
[Black "Peycheva, Gergana"]
[Result "1/2-1/2"]
[WhiteTitle "IM"]
[BlackTitle "FM"]
[WhiteElo "2453"]
[BlackElo "2261"]
[WhiteFideId "45150451"]
[BlackFideId "2916711"]
[EventDate "2024.07.15"]

1. d4 d5 2. c4 e6 3. Nf3 Nf6 4. Nc3 Nbd7 5. Bf4 dxc4 6. e3 Bd6 7. Bg3 O-O 8.
Bxc4 Bxg3 9. hxg3 c5 10. e4 cxd4 11. Qxd4 Nb6 12. Bb3 Qxd4 13. Nxd4 Rd8 14. Rd1
Bd7 15. Ke2 Rac8 16. e5 Nfd5 17. Ne4 Ba4 18. Nd6 Bxb3 19. axb3 Rb8 20. Rd2 Nc8
21. Ne4 Nce7 22. f4 a6 23. Rc1 h6 24. Rc4 Nc6 25. Kf3 Nxd4+ 26. Rcxd4 Rdc8 27.
Rc4 b5 28. Rcc2 a5 29. Nd6 Rxc2 30. Rxc2 a4 31. Rc5 axb3 32. Rxb5 Rxb5 33. Nxb5
Nb6 34. Nd4 Nc4 35. Nxb3 Nxb2 1/2-1/2

[Event "57th Biel Master Open"]
[Site "Biel SUI"]
[Date "2024.07.16"]
[Round "2.21"]
[White "Collin, Moritz Valentin"]
[Black "Xue, Haowen"]
[Result "0-1"]
[WhiteTitle "FM"]
[WhiteElo "2255"]
[BlackElo "2452"]
[WhiteFideId "1342932"]
[BlackFideId "8625492"]
[EventDate "2024.07.15"]

1. d4 Nf6 2. c4 e6 3. Nc3 Bb4 4. e3 O-O 5. Bd2 c5 6. a3 Bxc3 7. Bxc3 Ne4 8. Ne2
b6 9. d5 Ba6 10. Qd3 exd5 11. Qxd5 Qe7 12. Rd1 Nc6 13. Qxd7 Qxd7 14. Rxd7 Bxc4
15. f3 Nxc3 16. Nxc3 Ne5 17. Re7 Bxf1 18. Rxf1 Nd3+ 19. Ke2 Nxb2 20. Re4 Rfe8
21. Rg4 Rad8 22. Rb1 f5 23. Rf4 Rd3 24. Nd1 Rxd1 25. Rxb2 Rd5 26. Rd2 Red8 27.
Rxd5 Rxd5 28. h4 b5 29. e4 fxe4 30. Rxe4 Kf7 31. Rf4+ Ke7 32. Re4+ Kf6 33. f4
Rd6 34. g4 Re6 35. Kf3 g6 36. h5 gxh5 37. g5+ Kf5 0-1

[Event "57th Biel Master Open"]
[Site "Biel SUI"]
[Date "2024.07.16"]
[Round "2.22"]
[White "Holzke, Frank"]
[Black "Munkhzul, Turmunkh"]
[Result "1/2-1/2"]
[WhiteTitle "GM"]
[BlackTitle "WGM"]
[WhiteElo "2450"]
[BlackElo "2250"]
[WhiteFideId "4600428"]
[BlackFideId "4901878"]
[EventDate "2024.07.15"]

1. e4 e5 2. Nf3 Nf6 3. Nxe5 d6 4. Nf3 Nxe4 5. Bd3 Nf6 6. h3 Be7 7. O-O O-O 8. c3
Re8 9. Bc2 Nbd7 10. d4 Nf8 11. Bf4 h6 12. Bh2 Be6 13. Nbd2 Qc8 14. Re1 N6h7 15.
Ne4 Ng6 16. d5 Bd7 17. Nd4 Nf6 18. Qf3 Nxe4 19. Rxe4 Bf6 20. Rae1 Rxe4 21. Bxe4
Qf8 22. Nf5 Bxf5 23. Qxf5 Re8 24. Bf4 Qe7 25. Bd2 Qd8 26. f4 Nf8 27. b3 Bh4 28.
g3 Bxg3 29. Re2 Bh4 30. Qg4 Bf6 31. Qf3 Kh8 32. Kf1 Nd7 33. b4 Nb6 34. Qh5 Qd7
35. Be1 Re7 36. Kg1 Kg8 37. Qf3 Qe8 38. Qd3 Kf8 39. c4 Nd7 40. Bf2 b6 41. Kf1 a5
42. bxa5 bxa5 43. Bf3 Rxe2 44. Bxe2 Kg8 45. Bf3 Nc5 46. Qa3 Qa4 47. Qxa4 Nxa4
48. Be1 Bc3 49. Bd1 Bxe1 50. Bxa4 Bd2 51. f5 Kf8 52. Ke2 Bc1 53. Kf3 Ke7 54. Kg4
Kf6 55. Bd7 Ba3 56. Kf4 h5 57. Be8 Ke7 58. Bc6 Kf6 59. Be8 g5+ 60. fxg6 fxg6 61.
Ke4 Kg5 62. Bf7 Kh6 63. Be8 Kg7 64. Kf3 Kh6 65. Ke4 Kg5 66. Bf7 Kf6 67. Be8 h4
68. Bd7 Ke7 69. Bg4 Kd8 70. Be6 a4 71. Bf7 g5 72. Be6 Bc1 73. Bg4 Ke7 74. Bd1 a3
75. Bg4 Kf6 76. Bc8 Bf4 77. Bg4 Bc1 78. Bc8 Bf4 79. Bg4 Bc1 1/2-1/2

[Event "57th Biel Master Open"]
[Site "Biel SUI"]
[Date "2024.07.16"]
[Round "2.24"]
[White "Winkelman, Albert"]
[Black "Amartuvshin, Ganzorig"]
[Result "1/2-1/2"]
[WhiteTitle "FM"]
[BlackTitle "IM"]
[WhiteElo "2243"]
[BlackElo "2427"]
[WhiteFideId "3219941"]
[BlackFideId "4902548"]
[EventDate "2024.07.15"]

1. e4 c5 2. Nf3 e6 3. d4 cxd4 4. Nxd4 Nc6 5. Nc3 a6 6. Be2 d6 7. O-O Nf6 8. f4
Be7 9. Be3 O-O 10. Bf3 Qc7 11. Kh1 Nxd4 12. Qxd4 Bd7 13. e5 Ne8 14. Bg1 Bc6 15.
Be2 Rd8 16. Qe3 g6 17. Bf3 Bxf3 18. Rxf3 Ng7 19. g4 b5 20. a3 f5 21. exf6 Bxf6
22. Raf1 d5 23. Qd2 h5 24. h3 hxg4 25. hxg4 Kf7 26. Kg2 Rh8 27. Bf2 Qc4 28. Bg3
b4 29. Nd1 bxa3 30. bxa3 Rc8 31. R1f2 Rc6 32. Ne3 Qe4 33. f5 gxf5 34. gxf5 d4
35. fxe6+ Rxe6 36. Nf1 Nh5 37. Qd3 Rg8 38. Qxe4 Rxe4 39. Rf5 Rh4 40. R2f3 Rg6
41. Kf2 Nxg3 42. Rxg3 Rxg3 43. Nxg3 Ke6 44. Ra5 Rf4+ 45. Ke2 Bh4 46. Nh5 Rf7 47.
Kd3 Be1 48. Rxa6+ Ke5 49. Nf6 Bh4 50. Ng4+ Kf4 51. Nh6 Rh7 52. Kxd4 Bg5 53. Ng8
Rd7+ 54. Kc5 Ke5 55. c4 Be3+ 56. Kc6 1/2-1/2

[Event "57th Biel Master Open"]
[Site "Biel SUI"]
[Date "2024.07.16"]
[Round "2.25"]
[White "Gan-Erdene, Sugar"]
[Black "Jaggy, Matteo"]
[Result "1-0"]
[WhiteTitle "IM"]
[WhiteElo "2407"]
[BlackElo "2241"]
[WhiteFideId "4902980"]
[BlackFideId "1341979"]
[EventDate "2024.07.15"]

1. e4 c5 2. Nf3 d6 3. d4 cxd4 4. Nxd4 Nf6 5. Nc3 a6 6. Nb3 e6 7. g4 h6 8. h4 Nc6
9. Be3 d5 10. exd5 Nxd5 11. Nxd5 Qxd5 12. Qxd5 exd5 13. f3 Be6 14. O-O-O Be7 15.
Be2 O-O-O 16. Kb1 Rhe8 17. Bb6 Rd7 18. Nd4 Nxd4 19. Bxd4 f6 20. Bd3 Bd6 21. Bg6
Ree7 22. Rhe1 Kc7 23. Re3 Bg8 24. Rb3 Be5 25. Bc5 Bd6 26. Bb6+ Kb8 27. Rbd3 Bc7
28. Bc5 Bd6 29. Bxd6+ Rxd6 30. c4 Red7 31. c5 Rc6 32. Be8 Re7 33. Bxc6 bxc6 34.
Rb3+ Kc7 35. Ra3 Bh7+ 36. Kc1 Re2 37. Rd4 Rc2+ 38. Kd1 Rxb2 39. Rxa6 Kb7 40.
Raa4 Kc8 41. Rdb4 Bc2+ 42. Kc1 Bxa4 43. Kxb2 Bb5 44. a4 Be2 45. Rb6 1-0

[Event "57th Biel Master Open"]
[Site "Biel SUI"]
[Date "2024.07.16"]
[Round "2.26"]
[White "Follesa, Enrico"]
[Black "Juksta, Karolis"]
[Result "1/2-1/2"]
[BlackTitle "IM"]
[WhiteElo "2241"]
[BlackElo "2400"]
[WhiteFideId "248690"]
[BlackFideId "12809039"]
[EventDate "2024.07.15"]

1. e4 e6 2. d4 d5 3. Nd2 c5 4. exd5 Qxd5 5. Ngf3 cxd4 6. Bc4 Qd7 7. O-O Nc6 8.
Nb3 Nf6 9. Nbxd4 Nxd4 10. Nxd4 a6 11. c3 Bd6 12. Bd3 Qc7 13. h3 Bd7 14. Qe2 O-O
15. Re1 Bh2+ 16. Kh1 Bf4 17. Bxf4 Qxf4 18. Nf3 Rfd8 19. Ne5 1/2-1/2

[Event "57th Biel Master Open"]
[Site "Biel SUI"]
[Date "2024.07.16"]
[Round "2.29"]
[White "Assaubayeva, Bibisara"]
[Black "Erne, Raphael"]
[Result "1-0"]
[WhiteTitle "IM"]
[WhiteElo "2472"]
[BlackElo "2108"]
[WhiteFideId "13708694"]
[BlackFideId "1341928"]
[EventDate "2024.07.15"]

1. c4 c5 2. Nf3 Nc6 3. Nc3 g6 4. e3 d6 5. d4 cxd4 6. exd4 Bg4 7. Be2 Bg7 8. Be3
Nf6 9. h3 Bxf3 10. Bxf3 O-O 11. O-O Qd7 12. Rc1 Rfd8 13. d5 Nb8 14. b4 Na6 15.
Qb3 Nc7 16. Rfd1 b6 17. Ne2 Qe8 18. Nd4 Rdc8 19. Nc6 Nd7 20. Bg5 f6 21. Bf4 Nb8
22. c5 bxc5 23. Nxe7+ Qxe7 24. Bxd6 Qxd6 25. bxc5 Qd7 26. d6+ Ne6 27. Bxa8 Nc6
28. Bxc6 Rxc6 29. Qxe6+ Qxe6 30. d7 Rc8 31. Rd6 1-0

[Event "57th Biel Master Open"]
[Site "Biel SUI"]
[Date "2024.07.16"]
[Round "2.31"]
[White "Petkidis, Anthony"]
[Black "Saine, Zachary"]
[Result "1-0"]
[WhiteTitle "IM"]
[WhiteElo "2428"]
[BlackElo "2058"]
[WhiteFideId "24673390"]
[BlackFideId "2624346"]
[EventDate "2024.07.15"]

1. e4 c5 2. Nf3 d6 3. d4 cxd4 4. Nxd4 Nf6 5. Nc3 g6 6. Be3 Nc6 7. f3 e5 8. Nb3
Be6 9. Qe2 Bg7 10. O-O-O O-O 11. Qd2 Qc8 12. Kb1 a5 13. Bb5 Rd8 14. Bb6 Rd7 15.
Nd5 a4 16. Nc1 a3 17. b3 Qf8 18. Ne2 Rc8 19. c4 Nh5 20. g4 Nf4 21. Nexf4 exf4
22. Nxf4 Qe7 23. Bxc6 bxc6 24. Bd4 Bh6 25. Nxg6 Qg5 26. Qxg5 Bxg5 27. h4 Bh6 28.
g5 Bxg5 29. Nf8 Rxf8 30. hxg5 f5 31. gxf6 Rff7 32. f4 Rd8 33. f5 Bc8 34. Rdg1+
Kh8 35. Rg5 Re8 36. Rh4 c5 37. Bc3 Bb7 38. Rgg4 Rg8 39. Rxh7+ 1-0

[Event "57th Biel Master Open"]
[Site "Biel SUI"]
[Date "2024.07.16"]
[Round "2.32"]
[White "Munguntuul, Batkhuyag"]
[Black "Woltery, Nicolai"]
[Result "1-0"]
[WhiteTitle "IM"]
[WhiteElo "2356"]
[BlackElo "2016"]
[WhiteFideId "4900758"]
[BlackFideId "436887"]
[EventDate "2024.07.15"]

1. e4 d5 2. exd5 Qxd5 3. d4 Nc6 4. Nf3 Bg4 5. Be2 O-O-O 6. Be3 e5 7. c4 Qa5+ 8.
Bd2 Bb4 9. d5 Bxf3 10. Bxf3 Nd4 11. a3 Bxd2+ 12. Nxd2 f5 13. b4 Qa6 14. O-O Qg6
15. Bh5 Qg5 16. f4 exf4 17. Nf3 Nxf3+ 18. Bxf3 Nf6 19. Qd4 Kb8 20. a4 Rhe8 21.
a5 Ne4 22. a6 b6 23. c5 Qf6 24. Qd3 Qb2 25. Rab1 Qe5 26. Rbd1 Ng5 27. Qb5 Nxf3+
28. gxf3 Re7 29. Qc6 Kc8 30. d6 Rf7 31. d7+ 1-0

[Event "57th Biel Master Open"]
[Site "Biel SUI"]
[Date "2024.07.16"]
[Round "2.37"]
[White "Ansat, Aldiyar"]
[Black "Kuandykuly, Danis"]
[Result "1-0"]
[WhiteTitle "IM"]
[WhiteElo "2458"]
[BlackElo "2082"]
[WhiteFideId "13715658"]
[BlackFideId "13752260"]
[EventDate "2024.07.15"]

1. e4 e5 2. Nf3 Nc6 3. Bb5 f5 4. d3 fxe4 5. dxe4 Nf6 6. Qd3 d6 7. Nc3 Bg4 8. Be3
Be7 9. Qc4 Qd7 10. Ng5 Bf8 11. h3 Bh5 12. g4 Bg6 13. O-O-O a6 14. Ba4 h6 15. Nf3
Bf7 16. Qe2 b5 17. Bb3 Bxb3 18. cxb3 Qf7 19. Kb1 Nd8 20. g5 Nd7 21. gxh6 gxh6
22. Nh4 Ne6 23. Nf5 Nf6 24. f3 O-O-O 25. Rc1 d5 26. Nxb5 axb5 27. Qxb5 d4 28.
Rc6 Ne8 29. Ra6 c5 30. Qc6+ 1-0